Richard Strauss: anecdotes et souvenirs
Zapisane w:
| Główni autorzy: | , , |
|---|---|
| Format: | Książka |
| Język: | francuski |
| Wydane: |
Lausana
Du Cervin
1951
|
| Seria: | Les Documents Célèbres, 1
|
| Hasła przedmiotowe: | |
| Etykiety: |
Dodaj etykietę
Nie ma etykietki, Dołącz pierwszą etykiete!
|
MARC
| LEADER | 00000nam a2200000 a 4500 | ||
|---|---|---|---|
| 001 | UCN2239 | ||
| 003 | CL-VaPUC | ||
| 008 | 010511e19510000SZ |||||||||||||||||fre|d | ||
| 082 | 0 | 4 | |a 927.8 |b MEY |2 21 |
| 100 | |a Meylan, Pierre |e autor |9 458012 | ||
| 700 | 0 | |a Schneider, Jean |e author |9 458013 | |
| 700 | 0 | |a Schuh, Willi |e author |9 458014 | |
| 245 | 1 | 0 | |a Richard Strauss: anecdotes et souvenirs |
| 300 | |a 123 p | ||
| 942 | |c BK | ||
| 945 | |d 20010511 00:00:00 |a crobeson | ||
| 260 | |a Lausana |b Du Cervin |c 1951 | ||
| 600 | 0 | |a Strauss, Richard |9 306383 | |
| 650 | 0 | |a Compositores alemanes |9 324765 | |
| 650 | 0 | |a Directores de música |9 306511 | |
| 650 | 0 | |a Biografías |9 255210 | |
| 583 | |a last modification |c 20010511 00:00:00 |k Rodrigo Vera | ||
| 490 | 0 | |a Les Documents Célèbres, 1 | |
| 999 | |c 295397 |d 295395 | ||
| 952 | |0 0 |1 0 |4 0 |6 927_800000000000000_MEY_1951 |7 0 |8 A |9 348400 |a BIBEDU |b BIBEDU |d 2019-11-20 |i 1182641 |o 927.8 MEY 1951 |p 1182641 |r 2023-01-12 |w 2019-11-20 |y BK |k MUS | ||